[Event "la-Grande 2014"]
[Site "Cappelle-la-Grande (FRA)"]
[Date "2014.03.01"]
[Round "1.1"]
[White "Vul, Arkadi Eremeevich"]
[Black "Ding, Liren"]
[Result "0-1"]
[WhiteElo "2346"]
[BlackElo "2717"]
[PlyCount "68"]
[EventDate "2014.03.01"]
[EventType "team-tourn"]
[EventCountry "FRA"]
[TimeControl "6000+1025"]
[WhiteClock "0:00:33"]
[BlackClock "0:46:37"]

1. Nf3 Nf6 2. c4 g6 3. g3 Bg7 4. d4 O-O 5. Bg2 d6 6. O-O Nc6 7. Nc3 a6 8. h3
Rb8 9. e4 b5 10. e5 dxe5 11. dxe5 Nd7 12. e6 fxe6 13. cxb5 axb5 14. Ng5 Nd4 15.
Be3 Nb6 16. Bxd4 Qxd4 17. Qxd4 Bxd4 18. Nxb5 Bxb2 19. Rab1 Nc4 20. a4 h6 21.
Ne4 Bb7 22. Rfd1 Bd5 23. Nd2 Be5 24. Nxc4 Bxc4 25. Rbc1 Bxb5 26. axb5 Rxb5 27.
h4 Rb2 28. f4 Bd6 29. Re1 g5 30. hxg5 hxg5 31. Rxe6 gxf4 32. Bd5 Kg7 33. Rc4
Rf5 34. Be4 Rg5 0-1

[Event "la-Grande 2014"]
[Site "Cappelle-la-Grande (FRA)"]
[Date "2014.03.01"]
[Round "1.2"]
[White "Iturrizaga, Eduardo"]
[Black "Hoolt, Sarah"]
[Result "1-0"]
[WhiteElo "2645"]
[BlackElo "2345"]
[PlyCount "49"]
[EventDate "2014.03.01"]
[EventType "team-tourn"]
[EventCountry "FRA"]
[TimeControl "6000+1275"]
[WhiteClock "1:08:00"]
[BlackClock "0:15:20"]

1. Nf3 Nf6 2. c4 e6 3. Nc3 d5 4. d4 c6 5. Bg5 h6 6. Bh4 g5 7. Bg3 dxc4 8. h4 g4
9. Ne5 b5 10. e3 h5 11. Be2 Bb7 12. f3 Bh6 13. fxg4 hxg4 14. Bxg4 Bxe3 15. Qf3
Bh6 16. Rf1 Bg7 17. Ne4 Qa5+ 18. Ke2 Nxe4 19. Qxf7+ Kd8 20. Qxg7 Nxg3+ 21. Ke3
Nxf1+ 22. Rxf1 Qxa2 23. Rf7 Qb3+ 24. Kf4 Re8 25. Qf6+ 1-0

[Event "la-Grande 2014"]
[Site "Cappelle-la-Grande (FRA)"]
[Date "2014.03.01"]
[Round "1.3"]
[White "Favarel, Antoine"]
[Black "Negi, Parimarjan"]
[Result "0-1"]
[WhiteElo "2345"]
[BlackElo "2638"]
[PlyCount "70"]
[EventDate "2014.03.01"]
[EventType "team-tourn"]
[EventCountry "FRA"]
[TimeControl "6000+940"]
[WhiteClock "0:00:33"]
[BlackClock "0:20:33"]

1. d4 Nf6 2. c4 g6 3. Nc3 d5 4. Nf3 Bg7 5. cxd5 Nxd5 6. e3 O-O 7. Bc4 Nxc3 8.
bxc3 c5 9. O-O b6 10. Qe2 Bb7 11. Ba3 Qc7 12. Rac1 Nc6 13. Rfd1 Na5 14. Bb5
Rfd8 15. h3 e6 16. Nd2 a6 17. Ba4 Bf8 18. Bb2 e5 19. Nf3 b5 20. Bb3 e4 21. Nd2
c4 22. Bc2 Re8 23. a4 Bd5 24. axb5 axb5 25. Ra1 b4 26. Ba4 Rec8 27. Bc2 f5 28.
cxb4 c3 29. Rxa5 Rxa5 30. bxa5 cxb2 31. Qb5 Qxc2 32. Qxd5+ Kh8 33. Rf1 Qxd2 34.
a6 Qd3 35. Qe5+ Bg7 0-1

[Event "la-Grande 2014"]
[Site "Cappelle-la-Grande (FRA)"]
[Date "2014.03.01"]
[Round "1.4"]
[White "Gupta, Abhijeet"]
[Black "Soltanici, Ruslan"]
[Result "1-0"]
[WhiteElo "2630"]
[BlackElo "2344"]
[PlyCount "81"]
[EventDate "2014.03.01"]
[EventType "team-tourn"]
[EventCountry "FRA"]
[TimeControl "6000+1120"]
[WhiteClock "0:46:52"]
[BlackClock "0:33:04"]

1. d4 Nf6 2. c4 e6 3. Nf3 Nc6 4. g3 Bb4+ 5. Bd2 Qe7 6. Nc3 O-O 7. Bg2 Na5 8. b3
b6 9. O-O Bb7 10. d5 c6 11. dxe6 dxe6 12. Qc2 h6 13. e4 c5 14. e5 Nd7 15. a3
Bxc3 16. Bxc3 Nc6 17. Qb2 a6 18. Rad1 b5 19. Rd6 b4 20. axb4 cxb4 21. Bd4 Rac8
22. Rd1 Nxd4 23. Qxd4 Nc5 24. Qe3 a5 25. R1d4 Bxf3 26. Bxf3 Qg5 27. Rf4 f6 28.
exf6 Rxf6 29. h4 Qg6 30. Rxf6 Qxf6 31. Bg4 Kh8 32. Bxe6 Nxe6 33. Rxe6 Qf5 34.
Re5 Qb1+ 35. Kg2 Qa1 36. c5 Qc3 37. Re8+ Rxe8 38. Qxe8+ Kh7 39. Qe4+ Kh8 40. c6
a4 41. Qc4 1-0

[Event "la-Grande 2014"]
[Site "Cappelle-la-Grande (FRA)"]
[Date "2014.03.01"]
[Round "1.5"]
[White "Nasuta, Grzegorz"]
[Black "Sumets, Andrey"]
[Result "0-1"]
[WhiteElo "2344"]
[BlackElo "2628"]
[PlyCount "42"]
[EventDate "2014.03.01"]
[EventType "team-tourn"]
[EventCountry "FRA"]
[TimeControl "6000+2495"]
[WhiteClock "0:01:20"]
[BlackClock "0:07:49"]

1. e4 e6 2. d4 d5 3. Nc3 Nf6 4. e5 Nfd7 5. f4 c5 6. Nf3 Nc6 7. Be3 Qb6 8. Na4
Qa5+ 9. c3 b6 10. Qc2 cxd4 11. Bd2 d3 12. Bxd3 b5 13. Bxh7 bxa4 14. Ng5 Be7 15.
Nxf7 Kxf7 16. Qg6+ Kf8 17. O-O Qd8 18. Rf3 Bc5+ 19. Kh1 Ne7 20. Qd3 Nb6 21.
Raf1 Ba6 0-1

[Event "la-Grande 2014"]
[Site "Cappelle-la-Grande (FRA)"]
[Date "2014.03.01"]
[Round "1.6"]
[White "Ganguly, Surya Shekhar"]
[Black "Tate, Alan"]
[Result "1-0"]
[WhiteElo "2623"]
[BlackElo "2342"]
[PlyCount "83"]
[EventDate "2014.03.01"]
[EventType "team-tourn"]
[EventCountry "FRA"]
[TimeControl "6000+1295"]
[WhiteClock "0:28:30"]
[BlackClock "0:27:08"]

1. d4 Nf6 2. c4 g6 3. Nc3 d5 4. cxd5 Nxd5 5. e4 Nxc3 6. bxc3 Bg7 7. Bc4 c5 8.
Ne2 Nc6 9. Be3 O-O 10. O-O Qc7 11. Rc1 b6 12. Ng3 Bb7 13. d5 Rad8 14. Qc2 Ne5
15. Be2 c4 16. f4 Nd7 17. Rcd1 Nc5 18. Bxc4 e6 19. dxe6 Nxe6 20. Bd5 Bxd5 21.
exd5 Nc5 22. f5 Be5 23. Bg5 Rd7 24. Bh4 Qb7 25. Qd2 f6 26. fxg6 hxg6 27. Qh6 g5
28. Nh5 gxh4 29. Rd4 Bxd4+ 30. cxd4 Na6 31. Nxf6+ Rxf6 32. Rxf6 Rg7 33. Qh5 Qc8
34. h3 Qc1+ 35. Kh2 Qg5 36. Qe8+ Kh7 37. Qe4+ Kg8 38. Rc6 Nc7 39. d6 Nb5 40.
Rc8+ Kf7 41. d7 Rg8 42. Qe8+ 1-0

[Event "la-Grande 2014"]
[Site "Cappelle-la-Grande (FRA)"]
[Date "2014.03.01"]
[Round "1.7"]
[White "Massoni, Michael"]
[Black "Danin, Alexandre"]
[Result "0-1"]
[WhiteElo "2341"]
[BlackElo "2606"]
[PlyCount "44"]
[EventDate "2014.03.01"]
[EventType "team-tourn"]
[EventCountry "FRA"]
[TimeControl "6000+985"]
[WhiteClock "0:24:56"]
[BlackClock "1:03:22"]

1. e4 e6 2. Nf3 d5 3. Nc3 Nf6 4. e5 Nfd7 5. d4 c5 6. dxc5 Nc6 7. Bf4 Bxc5 8.
Bd3 f6 9. exf6 Nxf6 10. Qe2 O-O 11. O-O-O Qa5 12. Kb1 Bd7 13. Ne5 Rae8 14. g4
Bd4 15. g5 Nxe5 16. Bxe5 Bxe5 17. Qxe5 Ng4 18. Qg3 Nxf2 19. Qh4 g6 20. Bxg6
hxg6 21. Qh6 Re7 22. Rhf1 Be8 0-1

[Event "la-Grande 2014"]
[Site "Cappelle-la-Grande (FRA)"]
[Date "2014.03.01"]
[Round "1.8"]
[White "Vovk, Andrey"]
[Black "Calistri, Tristan"]
[Result "1-0"]
[WhiteElo "2605"]
[BlackElo "2339"]
[PlyCount "59"]
[EventDate "2014.03.01"]
[EventType "team-tourn"]
[EventCountry "FRA"]
[TimeControl "6000+1685"]
[WhiteClock "0:02:57"]
[BlackClock "0:01:05"]

1. e4 c5 2. Nf3 e6 3. d4 cxd4 4. Nxd4 a6 5. Nc3 Qc7 6. f4 b5 7. a3 Bb7 8. Bd3
d6 9. Qe2 Nd7 10. Bd2 Ngf6 11. g4 Nb6 12. O-O-O O-O-O 13. Be3 Nfd7 14. Nb3 Nc4
15. Bxc4 bxc4 16. Nd4 Nf6 17. Qg2 d5 18. e5 Ne4 19. Nxe4 dxe4 20. Ne2 Be7 21.
Qf2 Rxd1+ 22. Rxd1 Rd8 23. Re1 c3 24. Nxc3 Bxa3 25. Kb1 Qc4 26. Qe2 Qb4 27. Bc1
Qd4 28. Rd1 Qc5 29. Rxd8+ Kxd8 30. Qd2+ 1-0

[Event "la-Grande 2014"]
[Site "Cappelle-la-Grande (FRA)"]
[Date "2014.03.01"]
[Round "1.9"]
[White "Berkovich, Mark A"]
[Black "Azarov, Sergei"]
[Result "1/2-1/2"]
[WhiteElo "2334"]
[BlackElo "2603"]
[PlyCount "61"]
[EventDate "2014.03.01"]
[EventType "team-tourn"]
[EventCountry "FRA"]
[TimeControl "6000+1075"]
[WhiteClock "0:08:24"]
[BlackClock "0:05:32"]

1. Nf3 d5 2. g3 c6 3. Bg2 Bg4 4. c4 e6 5. O-O Bd6 6. cxd5 exd5 7. d3 Ne7 8. Nc3
O-O 9. h3 Bh5 10. e4 dxe4 11. dxe4 Qc7 12. Qc2 Nd7 13. Be3 Rad8 14. Nd4 Ne5 15.
b3 Rd7 16. g4 Bg6 17. f4 Bc5 18. Nce2 Nd5 19. Qxc5 Nxe3 20. Qxe5 Qxe5 21. fxe5
Nxf1 22. Kxf1 Re8 23. e6 fxe6 24. Ke1 e5 25. Nf5 Red8 26. Rc1 Bf7 27. Rc5 Rd1+
28. Kf2 Re8 29. Ke3 Kf8 30. Bf3 g6 31. Nh6 1/2-1/2

[Event "la-Grande 2014"]
[Site "Cappelle-la-Grande (FRA)"]
[Date "2014.03.01"]
[Round "1.10"]
[White "Kravtsiv, Martyn"]
[Black "Jessel, Stephen"]
[Result "1-0"]
[WhiteElo "2601"]
[BlackElo "2334"]
[PlyCount "51"]
[EventDate "2014.03.01"]
[EventType "team-tourn"]
[EventCountry "FRA"]
[TimeControl "6000+1295"]
[WhiteClock "0:39:55"]
[BlackClock "0:00:34"]

1. e4 e6 2. d4 d5 3. e5 c5 4. c3 Nc6 5. Nf3 Qb6 6. a3 a5 7. Bd3 Nh6 8. O-O cxd4
9. cxd4 Nf5 10. Bxf5 exf5 11. Nc3 Be6 12. Na4 Qb5 13. Be3 Be7 14. Rc1 h6 15.
Ne1 O-O 16. Nd3 Rfe8 17. Re1 Bf8 18. Rc3 Nb4 19. Ndc5 b6 20. Nxe6 fxe6 21. Qb3
Reb8 22. Ra1 Ra7 23. axb4 axb4 24. Rcc1 Rba8 25. Nc3 Qd3 26. Rxa7 1-0

[Event "la-Grande 2014"]
[Site "Cappelle-la-Grande (FRA)"]
[Date "2014.03.01"]
[Round "1.11"]
[White "Kostiuk, Tatiana"]
[Black "Fier, Alexandr"]
[Result "0-1"]
[WhiteElo "2333"]
[BlackElo "2595"]
[PlyCount "80"]
[EventDate "2014.03.01"]
[EventType "team-tourn"]
[EventCountry "FRA"]
[TimeControl "6000+895"]
[WhiteClock "0:30:36"]
[BlackClock "1:36:29"]

1. d4 Nf6 2. Nf3 e6 3. g3 c5 4. Bg2 cxd4 5. Nxd4 a6 6. O-O Qc7 7. b3 d5 8. Bb2
e5 9. Nf3 Nc6 10. Nbd2 Be7 11. e3 Bg4 12. h3 Bh5 13. g4 Bg6 14. c4 Bd3 15. Re1
e4 16. cxd5 exf3 17. Nxf3 Nb4 18. a3 Bc2 19. Rc1 Bxd1 20. Rxc7 Bxf3 21. Bxf3
Nd3 22. Bxf6 Bd6 23. Rd1 Bxc7 24. Bxg7 Rg8 25. Bf6 Be5 26. Bh4 Nc5 27. b4 Nd7
28. d6 Rb8 29. Be4 h5 30. f3 hxg4 31. hxg4 Rh8 32. Be7 Bf6 33. Bxf6 Nxf6 34.
Bf5 Nd7 35. Rc1 Rh6 36. Rd1 Ne5 37. f4 Nxg4 38. d7+ Ke7 39. Rd4 Nxe3 40. Re4+
Kf6 0-1

[Event "la-Grande 2014"]
[Site "Cappelle-la-Grande (FRA)"]
[Date "2014.03.01"]
[Round "1.12"]
[White "Vorobiov, Evgeny E"]
[Black "Doluhanova, Evgeniya"]
[Result "1-0"]
[WhiteElo "2590"]
[BlackElo "2331"]
[PlyCount "63"]
[EventDate "2014.03.01"]
[EventType "team-tourn"]
[EventCountry "FRA"]
[TimeControl "6000+1945"]
[WhiteClock "0:33:40"]
[BlackClock "0:00:51"]

1. d4 Nf6 2. c4 e6 3. Nf3 d5 4. Nc3 Be7 5. Bf4 O-O 6. e3 b6 7. cxd5 Nxd5 8.
Nxd5 Qxd5 9. Bd3 Bb4+ 10. Ke2 f5 11. Bxc7 Na6 12. Be5 Be7 13. Qb3 Qxb3 14. axb3
Nb4 15. Bc4 Bd7 16. Rhc1 Rfc8 17. Kd2 b5 18. Be2 Bc6 19. Ne1 a6 20. Bf3 Nd5 21.
Nd3 g5 22. h3 Kf7 23. Nc5 Bxc5 24. Rxc5 Ke7 25. Rac1 Kd7 26. g4 fxg4 27. Bxg4
Nb4 28. f3 a5 29. e4 h5 30. Bxh5 Na6 31. R5c3 b4 32. Rc4 1-0

[Event "la-Grande 2014"]
[Site "Cappelle-la-Grande (FRA)"]
[Date "????.??.??"]
[Round "1.13"]
[White "Marholev, Dimitar"]
[Black "Vazquez Igarza, Renier"]
[Result "0-1"]
[WhiteElo "2326"]
[BlackElo "2577"]
[PlyCount "80"]
[EventDate "2014.03.01"]
[EventType "team-tourn"]
[EventCountry "FRA"]

1. Nf3 Nf6 2. c4 b6 3. g3 Bb7 4. Bg2 c5 5. O-O g6 6. b3 Bg7 7. Bb2 O-O 8. Nc3
Na6 9. Re1 e6 10. e4 Nxe4 11. Nxe4 Bxb2 12. Nd6 Bxf3 13. Bxf3 Bxa1 14. Bxa8 Bg7
15. Bg2 Qb8 16. Nb5 Nb4 17. a3 Nc6 18. Nc3 Rc8 19. h4 Nd4 20. h5 b5 21. hxg6
hxg6 22. Ne4 f5 23. Ng5 a5 24. d3 Bf6 25. Nh3 Kg7 26. g4 Rh8 27. gxf5 gxf5 28.
Re3 Kf7 29. f4 b4 30. a4 Qg8 31. Kf1 Ke7 32. Kg1 Qg4 33. Qxg4 fxg4 34. Nf2 Nxb3
35. Rg3 Nd4 36. Rxg4 b3 37. Ne4 b2 38. Nd2 Rb8 39. Nb1 Ne2+ 40. Kf2 Nc3 0-1

[Event "la-Grande 2014"]
[Site "Cappelle-la-Grande (FRA)"]
[Date "????.??.??"]
[Round "1.14"]
[White "Bachmann, Axel"]
[Black "Valuet, Bertrand"]
[Result "1-0"]
[WhiteElo "2575"]
[BlackElo "2326"]
[PlyCount "81"]
[EventDate "2014.03.01"]
[EventType "team-tourn"]
[EventCountry "FRA"]

1. d4 d5 2. Nf3 Nf6 3. c4 c6 4. e3 e6 5. b3 Bb4+ 6. Nbd2 c5 7. Bb2 Nc6 8. dxc5
O-O 9. a3 Bxc5 10. b4 Bb6 11. Be2 Qe7 12. O-O Rd8 13. Qc2 Bd7 14. c5 Bc7 15. e4
e5 16. exd5 Nxd5 17. Bd3 Nf4 18. Bxh7+ Kf8 19. Be4 Qe6 20. Nh4 Nd4 21. Bxd4
Ne2+ 22. Kh1 Nxd4 23. Qc3 f5 24. Bxb7 Rab8 25. c6 Be8 26. Ndf3 Nxf3 27. Nxf3 e4
28. Ng5 Qh6 29. f4 Rd3 30. Qc5+ Kg8 31. Qxf5 Qg6 32. Qxe4 Qxe4 33. Nxe4 Bf7 34.
Nc5 Rd2 35. Rad1 Rbd8 36. Rxd2 Rxd2 37. Na6 Bc4 38. Rc1 Bxf4 39. c7 Bxc7 40.
Nxc7 Rd7 41. Bf3 1-0

[Event "la-Grande 2014"]
[Site "Cappelle-la-Grande (FRA)"]
[Date "????.??.??"]
[Round "1.15"]
[White "Giffard, Nicolas"]
[Black "Gurevich, Mikhail"]
[Result "0-1"]
[WhiteElo "2317"]
[BlackElo "2574"]
[PlyCount "80"]
[EventDate "2014.03.01"]
[EventType "team-tourn"]
[EventCountry "FRA"]

1. d4 d5 2. c4 c6 3. Nf3 Nf6 4. Nc3 e6 5. Bg5 Be7 6. e3 Nbd7 7. Bd3 O-O 8. O-O
dxc4 9. Bxc4 Nd5 10. Bxe7 Qxe7 11. Qc2 Nxc3 12. Qxc3 b6 13. Rac1 Bb7 14. Be2
Rfc8 15. Rfd1 c5 16. dxc5 Nxc5 17. Qe5 h6 18. h3 Ne4 19. Rxc8+ Rxc8 20. a3 Kf8
21. Qd4 Rc5 22. Qb4 Bd5 23. Bd3 Nf6 24. e4 Bb7 25. Bb1 Qc7 26. Qe1 Qf4 27. Nd2
Rc8 28. Nf1 Nxe4 29. Qb4+ Kg8 30. f3 Ng3 31. Nxg3 Qxg3 32. Qe7 Bd5 33. Qd7 Qc7
34. Qa4 Qc5+ 35. Kh1 g5 36. Qxa7 Qe3 37. Qa6 Rc4 38. Qb5 Kg7 39. Be4 Qe2 40.
Ra1 Rxe4 0-1

[Event "la-Grande 2014"]
[Site "Cappelle-la-Grande (FRA)"]
[Date "????.??.??"]
[Round "1.16"]
[White "Kovacevic, Aleksandar"]
[Black "Admiraal, Miguoel"]
[Result "1/2-1/2"]
[WhiteElo "2572"]
[BlackElo "2317"]
[PlyCount "135"]
[EventDate "2014.03.01"]
[EventType "team-tourn"]
[EventCountry "FRA"]

1. e4 c5 2. Nf3 e6 3. d4 cxd4 4. Nxd4 Nc6 5. Nc3 Qc7 6. f4 a6 7. Be2 b5 8. Nxc6
Qxc6 9. Bf3 Bb7 10. Be3 Rc8 11. Qd3 Qc7 12. O-O b4 13. Ne2 Nf6 14. Rac1 Bc5 15.
c3 Qb6 16. Bxc5 Qxc5+ 17. Kh1 O-O 18. e5 Bxf3 19. Qxf3 Nd5 20. c4 Ne3 21. Rfe1
Nxc4 22. b3 Nd2 23. Rxc5 Nxf3 24. Rxc8 Nxe1 25. Rc7 f6 26. exf6 Rxf6 27. Rxd7
Nc2 28. Rd3 Rf5 29. Kg1 Ra5 30. Kf2 Rc5 31. Rd6 Ra5 32. Rd2 Rc5 33. Ng3 Na3 34.
Ne4 Rc8 35. Ng5 Nb1 36. Re2 Nc3 37. Rxe6 Ra8 38. Ne4 Nxa2 39. Rc6 a5 40. Rc2
Nc3 41. Nxc3 bxc3 42. Rxc3 a4 43. bxa4 Rxa4 44. Kf3 Kf7 45. g4 Ra1 46. h4 Rf1+
47. Ke4 Rg1 48. Rc7+ Kf8 49. Kf5 Ra1 50. Rd7 Kg8 51. Rd8+ Kf7 52. Rd7+ Kg8 53.
h5 h6 54. g5 Ra5+ 55. Kg4 hxg5 56. fxg5 g6 57. h6 Kh8 58. Rf7 Rb5 59. Rf6 Kh7
60. Rf7+ Kh8 61. Kf4 Ra5 62. Re7 Rf5+ 63. Kg4 Ra5 64. Rf7 Rb5 65. Kf4 Ra5 66.
Rg7 Rf5+ 67. Kg4 Rxg5+ 68. Kxg5 1/2-1/2

[Event "la-Grande 2014"]
[Site "Cappelle-la-Grande (FRA)"]
[Date "????.??.??"]
[Round "1.17"]
[White "Bartel, Michal"]
[Black "Piorun, Kacper"]
[Result "0-1"]
[WhiteElo "2316"]
[BlackElo "2570"]
[PlyCount "118"]
[EventDate "2014.03.01"]
[EventType "team-tourn"]
[EventCountry "FRA"]

1. e4 c5 2. Nf3 e6 3. d4 cxd4 4. Nxd4 Nc6 5. Nc3 Qc7 6. Be3 a6 7. Be2 b5 8. O-O
Bb7 9. f4 Be7 10. Qe1 Nf6 11. e5 Nxd4 12. Bxd4 Nd5 13. Bf3 Nb4 14. Bxb7 Qxb7
15. Qf2 Nc6 16. Bc5 Bxc5 17. Qxc5 Qa7 18. Ne4 Qxc5+ 19. Nxc5 Ke7 20. a4 bxa4
21. Rfd1 Ra7 22. Rxa4 Rb8 23. b3 a5 24. c3 g5 25. g3 gxf4 26. gxf4 Rc7 27. Kf2
Rb5 28. b4 axb4 29. Na6 Rcb7 30. cxb4 Nxb4 31. Nxb4 Rxb4 32. Rxb4 Rxb4 33. Kf3
Rb6 34. Rg1 Rb3+ 35. Kg4 f5+ 36. Kh4 Rf3 37. Rg7+ Kd8 38. Rxh7 Rxf4+ 39. Kg5
Rg4+ 40. Kf6 Kc7 41. Rh3 Rd4 42. Rc3+ Kd8 43. Rc1 Rh4 44. Rc2 Rh3 45. Rd2 Rh6+
46. Kg5 Rh8 47. h4 Ke7 48. h5 Rg8+ 49. Kh6 f4 50. Rf2 Rg4 51. Kh7 d6 52. exd6+
Kxd6 53. h6 Ke5 54. Kh8 Rh4 55. h7 Kf5 56. Kg7 e5 57. h8=Q Rxh8 58. Kxh8 e4 59.
Kg7 f3 0-1

[Event "la-Grande 2014"]
[Site "Cappelle-la-Grande (FRA)"]
[Date "????.??.??"]
[Round "1.18"]
[White "Burmakin, Vladimir"]
[Black "Fuchs, Judith"]
[Result "1-0"]
[WhiteElo "2568"]
[BlackElo "2315"]
[PlyCount "111"]
[EventDate "2014.03.01"]
[EventType "team-tourn"]
[EventCountry "FRA"]

1. Nf3 Nf6 2. g3 b5 3. Bg2 Bb7 4. b3 e6 5. O-O Be7 6. c4 a6 7. Nc3 b4 8. Na4 d6
9. d4 Nbd7 10. Ne1 Bxg2 11. Nxg2 O-O 12. Ne3 c5 13. Bb2 Qc7 14. d5 e5 15. Nf5
Rfe8 16. e4 Bf8 17. Qc2 g6 18. Nh4 Bg7 19. Rae1 Re7 20. Re2 Rae8 21. Rfe1 Nh5
22. Bc1 Qc8 23. Bg5 f6 24. Bc1 Nf8 25. Nb2 Rf7 26. Nd3 f5 27. exf5 gxf5 28. f3
Ng6 29. Ng2 Nf6 30. Nf2 Nf8 31. Nh4 Nh5 32. Nh3 Ng6 33. Ng2 Bf6 34. Ng5 Rfe7
35. Ne6 Ng7 36. Ne3 Rxe6 37. dxe6 Qxe6 38. Nd5 Bd8 39. Bb2 Qf7 40. f4 e4 41.
Rd1 Ne6 42. Ba1 h5 43. Ne3 Bc7 44. Qb2 Bb8 45. Rd5 Nd4 46. Nxf5 Kf8 47. Ne3 Ba7
48. Rf2 h4 49. Qb1 Qd7 50. Rg5 Kf7 51. Qd1 hxg3 52. hxg3 Rh8 53. Qg4 Qxg4 54.
Rxg4 Rh5 55. Kg2 Ne7 56. f5 1-0

[Event "la-Grande 2014"]
[Site "Cappelle-la-Grande (FRA)"]
[Date "????.??.??"]
[Round "1.19"]
[White "Justo, Damian"]
[Black "Cornette, Matthieu"]
[Result "1-0"]
[WhiteElo "2315"]
[BlackElo "2566"]
[PlyCount "63"]
[EventDate "2014.03.01"]
[EventType "team-tourn"]
[EventCountry "FRA"]

1. d4 Nf6 2. Nf3 e6 3. e3 d5 4. Bd3 c5 5. b3 Nc6 6. Bb2 Bd6 7. O-O O-O 8. a3 b6
9. Ne5 Bb7 10. Nd2 Rc8 11. f4 Ne7 12. Qe2 Ne4 13. Nxe4 dxe4 14. Bc4 cxd4 15.
exd4 Qc7 16. Rac1 Nd5 17. Qxe4 f6 18. Bd3 g6 19. c4 Nc3 20. Qe3 fxe5 21. fxe5
Qc6 22. Qh3 Be7 23. Bxc3 Bxa3 24. Rce1 Rxf1+ 25. Rxf1 Rf8 26. Rf6 Bc1 27. d5
Qc5+ 28. Kf1 exd5 29. Qe6+ Kh8 30. Bd4 Qc8 31. Qe7 Re8 32. e6 1-0

[Event "la-Grande 2014"]
[Site "Cappelle-la-Grande (FRA)"]
[Date "????.??.??"]
[Round "1.20"]
[White "Petkov, Vladimir"]
[Black "Munschi, Serge"]
[Result "1-0"]
[WhiteElo "2566"]
[BlackElo "2309"]
[PlyCount "75"]
[EventDate "2014.03.01"]
[EventType "team-tourn"]
[EventCountry "FRA"]

1. d4 Nf6 2. c4 b6 3. Nc3 Bb7 4. Nf3 d5 5. Bf4 dxc4 6. e3 e6 7. Bxc4 Bd6 8. Ne5
Bxe5 9. Bxe5 Nbd7 10. Bf4 a6 11. O-O O-O 12. Qe2 Nd5 13. Nxd5 exd5 14. Bd3 c5
15. Qc2 g6 16. Qd2 c4 17. Bc2 Qe7 18. f3 g5 19. Bg3 f5 20. Rfe1 b5 21. Qa5 Rac8
22. Re2 Rf7 23. Rae1 Nf8 24. a4 b4 25. e4 dxe4 26. fxe4 f4 27. Bf2 g4 28. Qh5
Rg7 29. d5 f3 30. Re3 Rg5 31. Qh6 Ng6 32. d6 Qd8 33. e5 Rc5 34. e6 Bc6 35. e7
Qe8 36. Re6 Rh5 37. Bxg6 Rxh6 38. Bxe8 1-0

[Event "la-Grande 2014"]
[Site "Cappelle-la-Grande (FRA)"]
[Date "????.??.??"]
[Round "1.21"]
[White "Kulon, Klaudia"]
[Black "Baryshpolets, Andrey"]
[Result "1/2-1/2"]
[WhiteElo "2308"]
[BlackElo "2558"]
[PlyCount "138"]
[EventDate "2014.03.01"]
[EventType "team-tourn"]
[EventCountry "FRA"]

1. e4 e5 2. Nf3 Nc6 3. Bb5 a6 4. Ba4 Nf6 5. Bxc6 dxc6 6. d3 Nd7 7. Nbd2 c5 8.
Nc4 f6 9. a4 Be7 10. c3 Nb8 11. O-O Nc6 12. Qe2 Be6 13. Be3 b5 14. axb5 axb5
15. Na3 Qb8 16. d4 cxd4 17. Nxb5 Rxa1 18. Rxa1 dxe3 19. Ra8 Qxa8 20. Nxc7+ Kd7
21. Nxa8 exf2+ 22. Kxf2 Rxa8 23. Kg3 Kc7 24. b4 Ra3 25. Qb2 Ra2 26. Qc1 g5 27.
h3 h5 28. Kh2 Na7 29. Ne1 Nb5 30. Nc2 Nxc3 31. Na3 Bxb4 32. Nb5+ Kd7 33. Nxc3
Bxc3 34. Qxc3 h4 35. Qb4 Ke8 36. Qb7 Kf8 37. Qc7 Bf7 38. Kg1 Kg7 39. Qd7 Rc2
40. Kf1 Rc4 41. Qb7 Kg6 42. Kf2 Rc2+ 43. Kg1 Rd2 44. Qc6 Re2 45. Kf1 Rb2 46.
Kg1 Rb4 47. Kf2 Kg7 48. Kg1 Rb1+ 49. Kf2 Rb2+ 50. Kg1 Rb4 51. Kf2 Rd4 52. Qb7
Kg6 53. Kg1 Bc4 54. Qc6 Rd1+ 55. Kf2 Rf1+ 56. Ke3 Bf7 57. Ke2 Rf4 58. Ke3 g4
59. Qd7 g3 60. Kd3 Ba2 61. Ke3 Kh6 62. Qe8 Kg7 63. Qe7+ Bf7 64. Qd7 Kg6 65. Kd3
Bg8 66. Qe8+ Kg7 67. Qe7+ Bf7 68. Qd7 Kg6 69. Ke3 Kg7 1/2-1/2

[Event "la-Grande 2014"]
[Site "Cappelle-la-Grande (FRA)"]
[Date "????.??.??"]
[Round "1.22"]
[White "Spraggett, Kevin"]
[Black "Coenen, Michael"]
[Result "1-0"]
[WhiteElo "2557"]
[BlackElo "2308"]
[PlyCount "57"]
[EventDate "2014.03.01"]
[EventType "team-tourn"]
[EventCountry "FRA"]

1. Nf3 Nf6 2. d4 g6 3. e3 Bg7 4. b4 a5 5. b5 c5 6. bxc6 bxc6 7. Ba3 Ba6 8. c4
O-O 9. Nbd2 d6 10. Be2 Nbd7 11. O-O Qc7 12. Re1 Rfe8 13. Bf1 e5 14. Qc2 h6 15.
dxe5 Nxe5 16. Rad1 c5 17. Nxe5 dxe5 18. Nb1 e4 19. h3 Qe5 20. Bb2 Qe6 21. Na3
Nd7 22. Bxg7 Kxg7 23. Nb5 Bxb5 24. cxb5 Qe7 25. Rd5 Rec8 26. Red1 Nf6 27. Rd6
c4 28. Rc6 Rxc6 29. bxc6 1-0

[Event "la-Grande 2014"]
[Site "Cappelle-la-Grande (FRA)"]
[Date "????.??.??"]
[Round "1.23"]
[White "Shvayger, Yuliya"]
[Black "Eingorn, Vereslav S"]
[Result "1/2-1/2"]
[WhiteElo "2307"]
[BlackElo "2556"]
[PlyCount "81"]
[EventDate "2014.03.01"]
[EventType "team-tourn"]
[EventCountry "FRA"]

1. e4 e6 2. d4 d5 3. Nd2 c5 4. Ngf3 cxd4 5. Nxd4 Nf6 6. e5 Nfd7 7. N2f3 Nc6 8.
Bf4 Be7 9. c3 Nc5 10. Bd3 Nxd3+ 11. Qxd3 Bd7 12. O-O a6 13. Rfe1 h6 14. b4 O-O
15. a4 Qe8 16. a5 Nd8 17. Qd2 Kh7 18. Re3 Rc8 19. Ne1 f5 20. exf6 Bxf6 21. Nd3
Nc6 22. Nxc6 Rxc6 23. Be5 Qc8 24. Bxf6 Rxf6 25. Ne5 Rc7 26. Qd3+ Kg8 27. Rg3
Be8 28. Re1 Qd8 29. Qd4 Qd6 30. h3 Rf5 31. Ree3 Kh7 32. Rgf3 Rxf3 33. Rxf3 Kg8
34. Rg3 Qe7 35. Qb6 Rc8 36. Re3 Bc6 37. Qd4 Be8 38. Qb6 Bc6 39. Qd4 Ba4 40. Rf3
Qc7 41. Rg3 1/2-1/2

[Event "la-Grande 2014"]
[Site "Cappelle-la-Grande (FRA)"]
[Date "????.??.??"]
[Round "1.24"]
[White "Brodsky, Michail"]
[Black "Lefebvre, Herve"]
[Result "1/2-1/2"]
[WhiteElo "2554"]
[BlackElo "2307"]
[PlyCount "79"]
[EventDate "2014.03.01"]
[EventType "team-tourn"]
[EventCountry "FRA"]

1. d4 Nf6 2. c4 g6 3. Nc3 d5 4. cxd5 Nxd5 5. e4 Nxc3 6. bxc3 Bg7 7. Nf3 c5 8.
Rb1 O-O 9. Be2 cxd4 10. cxd4 Qa5+ 11. Qd2 Qxd2+ 12. Bxd2 b6 13. O-O e6 14. Bc4
Nc6 15. d5 exd5 16. Bxd5 Bd7 17. Rfd1 Rac8 18. h3 Ne5 19. Nxe5 Bxe5 20. Bg5 Ba4
21. Bb3 Bxb3 22. axb3 f6 23. Be3 Rf7 24. Rd5 Kg7 25. Kf1 Rcc7 26. Rbd1 Rfe7 27.
Ke2 Rc2+ 28. R1d2 Rxd2+ 29. Bxd2 Kf7 30. f4 Bb2 31. Kd3 Rc7 32. g4 Ke7 33. Bb4+
Kf7 34. Rd8 Ke6 35. f5+ Kf7 36. Rf8+ Kg7 37. Rd8 Kf7 38. Rf8+ Kg7 39. Rd8 Kf7
40. Rf8+ 1/2-1/2

[Event "la-Grande 2014"]
[Site "Cappelle-la-Grande (FRA)"]
[Date "????.??.??"]
[Round "1.25"]
[White "Nanjo, Ryosuke"]
[Black "Kharitonov, Alexandr"]
[Result "1/2-1/2"]
[WhiteElo "2307"]
[BlackElo "2554"]
[PlyCount "126"]
[EventDate "2014.03.01"]
[EventType "team-tourn"]
[EventCountry "FRA"]

1. e4 c6 2. d4 d5 3. e5 Bf5 4. Nf3 e6 5. Be2 Nd7 6. O-O Bg6 7. Nbd2 Nh6 8. c3
Be7 9. Nb3 Nf5 10. g4 Nh4 11. Nxh4 Bxh4 12. f4 f5 13. Bd3 Be7 14. Qc2 O-O 15.
Be3 Rc8 16. g5 c5 17. dxc5 Nxc5 18. Nd4 Kf7 19. Be2 h6 20. h4 hxg5 21. fxg5 Bh7
22. Bh5+ g6 23. Bf3 Bg8 24. Rad1 Kg7 25. Qh2 Nd7 26. Rd2 Bf7 27. Qg3 Nb6 28.
Rh2 Rh8 29. h5 Qd7 30. hxg6 Rxh2 31. Qxh2 Rh8 32. Qg3 Bxg6 33. Rf2 Nc4 34. Bf4
Bc5 35. Rh2 Rxh2 36. Qxh2 Kg8 37. b3 Na5 38. Be3 Bb6 39. Qf2 Kf7 40. Ne2 Qc7
41. Nf4 Nc6 42. Bxb6 Qxb6 43. Qxb6 axb6 44. Nd3 f4 45. Nxf4 Nxe5 46. Bg2 Bb1
47. a3 Ng6 48. Nxd5 exd5 49. Bxd5+ Ke7 50. Bxb7 Nf4 51. Kf2 Nh3+ 52. Ke3 Nxg5
53. b4 Nf7 54. Bd5 Bc2 55. Bxf7 Kxf7 56. Kd4 Ke6 57. Kc4 Ba4 58. b5 Bd1 59. Kb4
Kd5 60. c4+ Kd4 61. a4 Bxa4 62. c5 Bxb5 63. cxb6 Bc6 1/2-1/2